| 000 | 00881cam a22002651 4500 | ||
|---|---|---|---|
| 001 | gs 51000249 | ||
| 003 | DLC | ||
| 005 | 20260227111358.0 | ||
| 008 | 781104s1951 dcuab f000 0 eng c | ||
| 010 | _ags 51000249 | ||
| 035 | _a(OCoLC)4346970 | ||
| 040 |
_aU.S. Geol. Survey Libr. _cUU _dDLC |
||
| 042 | _apremarc | ||
| 050 | 0 | 0 |
_aQE75 _b.C5 no. 111 |
| 051 |
_aTN948.R3 _bS72 _cCopy 2. |
||
| 086 | 0 |
_aI 19.4:111 _aI 19.4/2:111 |
|
| 100 | 1 |
_aStokes, William Lee, _d1915- |
|
| 245 | 1 | 0 | _aCarnotite deposits in the Carrizo Mountains area, Navajo Indian Reservation, Apache County, Arizona, and San Juan County, New Mexico. |
| 260 |
_a[Washington] _c1951 |
||
| 300 |
_a5 p. _bfold. col. map. _c27 cm. |
||
| 490 | 1 | _aGeological Survey circular 111 | |
| 500 | _aCover title. | ||
| 650 | 0 | _aCarnotite. | |
| 810 | 2 |
_aGeological Survey (U.S.). _tGeological Survey circular ; _v111. |
|
| 999 |
_c28581 _d28581 |
||